Представление документа в формате MARC21

ПолеНазваниеЗначение
  Тип записи a
  Библиографический уровень m
001 Контрольный номер RU\infra-m\znanium\bibl\2211139
005 Дата корректировки 20260429142112.5
008 Кодируемые данные 260123s2025 RU g rus u
020 Индекс ISBN __
a ISBN 978-5-16-021027-8
020 Индекс ISBN __
a ISBN 978-5-16-113729-1 (электр. издание)
040 Источник каталогиз. __
a Служба первич. каталог. Общество с ограниченной ответственностью «ЗНАНИУМ»
041 Код языка издания __
a Код языка текста rus
044 Код страны публикации __
a Код страны публикации RU
080 Индекс УДК __
a Индекс УДК 510.644.4(075.4)
084 Индекс другой классификации/Индекс ББК __
2 Источник индекса rubbk
a Индекс другой классификации/Индекс ББК 22.12
084 Индекс другой классификации/Индекс ББК __
2 Источник индекса okso
a Индекс другой классификации/Индекс ББК 01.04.02
084 Индекс другой классификации/Индекс ББК __
2 Источник индекса okso
a Индекс другой классификации/Индекс ББК 01.04.04
084 Индекс другой классификации/Индекс ББК __
2 Источник индекса okso
a Индекс другой классификации/Индекс ББК 01.06.01
084 Индекс другой классификации/Индекс ББК __
2 Источник индекса okso
a Индекс другой классификации/Индекс ББК 27.04.03
084 Индекс другой классификации/Индекс ББК __
2 Источник индекса okso
a Индекс другой классификации/Индекс ББК 27.06.01
100 Автор __
a Автор Бобырь М.В.
q Полное имя Бобырь Максим Владимирович
u Дополнение Юго-Западный государственный университет
245 Заглавие __
a Заглавие Устойчивость в нечетко-логических и нейро-нечетких системах
b Продолж. заглавия Монография
c Ответственность Юго-Западный государственный университет
250 Сведения об издании __
a Основные сведения об издании 1
260 Выходные данные __
a Место издания Москва
b Издательство ООО "Научно-издательский центр ИНФРА-М"
c Дата издания 2026
300 Физическое описание __
a Объем 271 с.
440 Серия __
a Серия Научная мысль
520 Аннотация __
a Аннотация Монография представляет завершенное фундаментальное исследование устойчивости нечетко-логических и нейро-нечетких систем управления являющихся важным классом интеллектуальных систем применяемых в инженерии автоматизации и обработке данных. Систематизирует теоретические основы и практические методы обеспечения устойчивости предлагая новые подходы к анализу и проектированию систем учитывающие неопределенности нелинейности и динамическое поведение. Основное внимание уделено количественным методам оценки устойчивости включая оригинальные подходы к дефаззификации бифуркационному анализу и адаптивному обучению. Основана на научных проектах поддержанных Государственным заданием № 075-03-2025-526 и РНФ № 24-21-00055. Адресована ученым инженерам аспирантам и студентам интересующимся нечеткой логикой теорией управления и интеллектуальными системами.
521 Примеч. о цел. назн. __
a Примеч. о целев. назн. Дополнительное профессиональное образование
650 Тематические рубрики __
a Основная рубрика Физико-математические науки
x Основная подрубрика Математика
655 Указ. предметных рубрик (устаревшее) __
a Жанр/ форма (устаревшее) Монография
856 Электронный адрес документа 4_
a Имя сервера/домена znanium.ru
m Помощь ebs_support@infra-m.ru
n Местонахождение сервера НИЦ ИНФРА-М
u URL https://znanium.ru/catalog/document?id=467729
856 Электронный адрес документа 48
a Имя сервера/домена znanium.ru
d Путь /cover/2211
f Электронное имя 2211139.jpg
q Тип электронного формата image/jpeg
u URL https://znanium.ru/cover/2211/2211139.jpg
911 __
u 0030=https://znanium.ru/catalog/document?id=467729